1332 1786 1188 1046 1231 1507 1939 1435 1648 1474 1181 1714 1871 1196 1963 1384 1357 1109 1133 1737 1089 1775 1880 1741 1342 1393 1168 1334 1193 1283 1720 1451 1838 1622 1717 1335 1603 1835 1320 1009 1790 1186 1509 1997 1049 1859 1949 1845 1870 1757 1826 1393 1202 1912 1802 1184 1323 1549 1890 1535 1826 1708 1703 1560 1019 1159 1410 1273 1780 1134 1105 1173 1689 1260 1268 1518 1188 1869 1778 1464 1747 1642 1175 1769 1099 1538 1222 1633 1433 1490 1688 1796 1233 1767 1093 1809 1855 1996 1364 BCNSPRNW ULIB Ver.6.0+V

เปลี่ยนเป็นภาษาไทย

Change to English
 แสดงรายละเอียดบรรณานุกรม
  กลับหน้าหลัก

Brief Record : Get Marc (ISO 2709) : E-mail record : QR code < ปิดหน้าต่าง
LEADER : 00000nam 2200000uu 4500
001    13399111862
003     ULIB
008    110627s2551||||th 000 0 tha d
020    9789741078257
090    นว.^bณ311ม 2551
100 0  ณัฏฐรัศมิ์
245 00 มายาสิเน่หา/^cณัฏฐรัศมิ์
250    พิมพ์ครั้งที่ 1
260    กรุงเทพฯ :^bทูบีเลิฟ,^c2551
300    436 หน้า
945    ^p350^l0^i023589
995    ทศพร
999 ^a ใช้งานได้ทุกระบบ
รายการนี้ยังไม่มีแท็ก
คุณยังไม่ได้ล็อกอิน คุณสามารถมีกิจกรรมร่วมกับเว็บไซต์ได้ แต่ต้องล็อกอินก่อน ::
  ล็อกอิน

รายการสื่อสารสนเทศ

ลำดับที่ ประเภท เลขเรียก/บาร์โค้ด สถานที่ สถานะ
1. นวนิยาย
นวนิยาย
นว. ณ311ม 2551 ฉ.1 
  Barcode: 023589
ห้องสมุดวิทยาเขตสวรรค์ประชารักษ์
►นวนิยาย
บนชั้น
  ขอยืม

BibComment


ยังไม่เคยถูกคอมเมนท์

คอมเมนท์ทรัพยากรรายการนี้
  คอมเมนท์: มายาสิเน่หา ณัฏฐร..


 Copyright 2026. Bcnsprnw @Library